[Event "Washington Class-ch Expert"]
[Site "Seattle"]
[Date "2007.11.24"]
[Round "4"]
[White "Bartron, Paul"]
[Black "Tezcan, Yaman"]
[Result "1-0"]
[WhiteElo "2065"]
[BlackElo "1847"]
[PlyCount "71"]
[EventDate "2007.11.23"]
[EventType "swiss"]
[EventRounds "6"]
[EventCountry "USA"]
[SourceTitle "EXT 2017"]
[Source "ChessBase"]
[SourceDate "2016.10.25"]
[SourceVersion "1"]
[SourceVersionDate "2016.10.25"]
[SourceQuality "1"]

1. e4 c5 2. Nf3 d6 3. d4 cxd4 4. Nxd4 e6 5. c4 a6 6. Nc3 Nc6 7. Be3 Nf6 8. Be2 Be7 9. 0-0 0-0 10. Qd2 Bd7 11. f4 Qc7 12. Rac1 Nxd4 13. Bxd4 Bc6 14. Bf3 Qb8 15. Rfd1 Nd7 16. Qf2 Rd8 17. Rd2 Bf6 18. Rcd1 Qc7 19. b4 Bxd4 20. Rxd4 Nb6 21. Qd2 Na4 22. Ne2 Re8 23. Rxd6 f5 24. Qd4 fxe4 25. Bxe4 Bxe4 26. Rd7 e5 27. Qxe4 Qb6+ 28. c5 Qf6 29. R1d6 Qh4 30. g3 Qg4 31. Qd5+ Kh8 32. Qf7 exf4 33. Nxf4 Rf8 34. Qh5 Qxh5 35. Nxh5 g6 36. Nf6 1-0

[Event "Washington op"]
[Site "Seattle"]
[Date "2007.05.26"]
[Round "1"]
[White "Bartron, Paul"]
[Black "Jiang, Louie"]
[Result "1/2-1/2"]
[WhiteElo "2196"]
[BlackElo "2068"]
[PlyCount "133"]
[EventDate "2007.05.26"]
[EventType "swiss"]
[EventRounds "6"]
[EventCountry "USA"]
[SourceTitle "EXT 2017"]
[Source "ChessBase"]
[SourceDate "2016.10.25"]
[SourceVersion "1"]
[SourceVersionDate "2016.10.25"]
[SourceQuality "1"]

1. e4 c5 2. Nf3 d6 3. d4 cxd4 4. Nxd4 Nf6 5. Nc3 g6 6. Be3 Bg7 7. Be2 0-0 8. 0-0 Nc6 9. h3 Bd7 10. Qd2 Rc8 11. Nb3 a6 12. f4 b5 13. Bf3 Na5 14. Nxa5 Qxa5 15. a3 Qc7 16. Rfd1 Rfd8 17. Qf2 Rb8 18. Ba7 Rb7 19. e5 Rxa7 20. exf6 Bxf6 21. Nd5 Qc5 22. Nxf6+ exf6 23. Rxd6 Rc8 24. Qxc5 Rxc5 25. c3 Be6 26. Rad1 Rc4 27. Rb6 Rxf4 28. Rdd6 Bxh3 29. Rxa6 Rxa6 30. Rxa6 Be6 31. Be2 Bc4 32. Bxc4 bxc4 33. Ra8+ Kg7 34. a4 Re4 35. Kf2 Re7 36. Rb8 f5 37. Rb4 Rd7 38. Ke2 Re7+ 39. Kf1 Rc7 40. a5 Ra7 41. Rxc4 Rxa5 42. b4 Rb5 43. Rc6 Kf8 44. Ke2 g5 45. Ra6 Ke7 46. Rh6 f4 47. Rxh7 Ke6 48. Rh8 Kf5 49. Ra8 Ke4 50. Re8+ Kf5 51. Kf2 f6 52. Ra8 Ke4 53. Ke2 g4 54. Rg8 f5 55. Re8+ Re5 56. Rd8 Rd5 57. Re8+ Re5 58. Rc8 f3+ 59. gxf3+ gxf3+ 60. Kf2 Kf4 61. b5 Re2+ 62. Kf1 Rb2 63. c4 Ke3 64. Re8+ Kd4 65. Rf8 Kxc4 66. Rxf5 Rxb5 67. Rxf3 1/2-1/2

[Event "Washington State-ch"]
[Site "Seattle"]
[Date "2007.02.18"]
[Round "8"]
[White "Bartron, Paul"]
[Black "Collyer, Curt D"]
[Result "1/2-1/2"]
[WhiteElo "2234"]
[BlackElo "2178"]
[PlyCount "55"]
[EventDate "2007.02.10"]
[EventType "tourn"]
[EventRounds "9"]
[EventCountry "USA"]
[SourceTitle "EXT 2017"]
[Source "ChessBase"]
[SourceDate "2016.10.25"]
[SourceVersion "1"]
[SourceVersionDate "2016.10.25"]
[SourceQuality "1"]

1. d4 d5 2. Nf3 c6 3. g3 Bg4 4. Bg2 Nd7 5. 0-0 e6 6. Nbd2 Ngf6 7. c3 Qb6 8. Re1 Be7 9. a4 0-0 10. a5 Qc7 11. b4 e5 12. Nxe5 Nxe5 13. dxe5 Qxe5 14. Qb3 Qh5 15. e4 dxe4 16. Nxe4 Nxe4 17. Rxe4 Be6 18. c4 b5 19. axb6 axb6 20. Rxa8 Rxa8 21. Bb2 Rd8 22. Bf3 Qg6 23. Qe3 c5 24. b5 Bf6 25. Bxf6 Qxf6 26. Bg4 Rd6 27. Bxe6 fxe6 28. Kg2 1/2-1/2

[Event "Washington State-ch"]
[Site "Seattle"]
[Date "2007.02.17"]
[Round "6"]
[White "Bartron, Paul"]
[Black "Perez, Ignacio"]
[Result "0-1"]
[WhiteElo "2234"]
[BlackElo "2135"]
[PlyCount "50"]
[EventDate "2007.02.10"]
[EventType "tourn"]
[EventRounds "9"]
[EventCountry "USA"]
[SourceTitle "EXT 2017"]
[Source "ChessBase"]
[SourceDate "2016.10.25"]
[SourceVersion "1"]
[SourceVersionDate "2016.10.25"]
[SourceQuality "1"]

1. e4 g6 2. d4 Bg7 3. Nf3 d6 4. Bc4 Nf6 5. Nc3 0-0 6. Qe2 Nc6 7. d5 Na5 8. Bd3 c5 9. Nd1 e6 10. c4 exd5 11. exd5 Re8 12. Ne3 b5 13. 0-0 bxc4 14. Bxc4 Nxc4 15. Qxc4 Rb8 16. Rd1 Rb4 17. Qd3 Qb6 18. b3 Ng4 19. Bd2 Nxe3 20. fxe3 Bf5 21. Qe2 Bxa1 22. Rxa1 Rbe4 23. Ng5 R4e5 24. Bc3 Rxe3 25. Qb2 Re2 0-1

[Event "Washington State-ch"]
[Site "Seattle"]
[Date "2007.02.10"]
[Round "1"]
[White "Bartron, Paul"]
[Black "Lee, Michael"]
[Result "1-0"]
[WhiteElo "2234"]
[BlackElo "2176"]
[PlyCount "145"]
[EventDate "2007.02.10"]
[EventType "tourn"]
[EventRounds "9"]
[EventCountry "USA"]
[SourceTitle "EXT 2017"]
[Source "ChessBase"]
[SourceDate "2016.10.25"]
[SourceVersion "1"]
[SourceVersionDate "2016.10.25"]
[SourceQuality "1"]

1. e4 c5 2. Nf3 d6 3. d4 cxd4 4. Nxd4 Nf6 5. Nc3 g6 6. Be2 Bg7 7. Be3 0-0 8. 0-0 Nc6 9. Qd2 Ng4 10. Bxg4 Bxg4 11. h3 Bd7 12. Nce2 Rc8 13. Rac1 Na5 14. b3 b5 15. Nc3 a6 16. Nd5 Nc6 17. Ne2 Rb8 18. c4 Re8 19. cxb5 axb5 20. Rc2 e6 21. Ndf4 Qe7 22. Rd1 Red8 23. Nd4 Nxd4 24. Bxd4 Bxd4 25. Qxd4 Be8 26. Rdc1 Rb7 27. Ne2 Rdd7 28. a4 bxa4 29. bxa4 d5 30. Rc5 e5 31. Qd3 d4 32. f4 f6 33. fxe5 fxe5 34. a5 Bf7 35. Qg3 d3 36. Rxe5 Qd8 37. Nf4 d2 38. Rd1 Rdc7 39. Qe3 Rc1 40. Rxc1 dxc1Q+ 41. Qxc1 Qd4+ 42. Kh1 Rb3 43. Ne6 Bxe6 44. Rxe6 Rd3 45. Qf4 Rd1+ 46. Kh2 Qg1+ 47. Kg3 Rd3+ 48. Kh4 Qc5 49. Re8+ Kg7 50. Qe5+ Qxe5 51. Rxe5 Kf6 52. Rb5 Ra3 53. Kg4 Ra2 54. g3 h5+ 55. Kf4 Rf2+ 56. Ke3 Rg2 57. Kf3 Ra2 58. h4 Ra1 59. Rb6+ Ke5 60. Rxg6 Ra3+ 61. Ke2 Kxe4 62. a6 Ra2+ 63. Kd1 Kf3 64. Kc1 Ke4 65. Kb1 Ra4 66. g4 Kd3 67. gxh5 Rxh4 68. Rd6+ Kc3 69. Rc6+ Kb3 70. Rb6+ Kc3 71. a7 Ra4 72. Rb7 Ra6 73. h6 1-0